Study of relationship between certain factors of prsonality and time perception (Record no. 21391)
[ view plain ]
| 000 -LEADER | |
|---|---|
| fixed length control field | 00412nam a2200145Ia 4500 |
| 082 ## - DEWEY DECIMAL CLASSIFICATION NUMBER | |
| Classification number | TR.0039 |
| 100 ## - MAIN ENTRY--AUTHOR NAME | |
| Personal name | Rama Rao, P. |
| 245 #0 - TITLE STATEMENT | |
| Title | Study of relationship between certain factors of prsonality and time perception |
| 260 ## - PUBLICATION, DISTRIBUTION, ETC. (IMPRINT) | |
| Year of publication | 1971 |
| Name of publisher | Sri Venkateswara University |
| 300 ## - PHYSICAL DESCRIPTION | |
| Number of Pages | 116, xxxiip. + C D - 5 |
| 650 ## - SUBJECT ADDED ENTRY--TOPICAL TERM | |
| Topical Term | TIME PERCEPTION |
| 650 ## - SUBJECT ADDED ENTRY--TOPICAL TERM | |
| Topical Term | PERSONALITY |
| 710 ## - ADDED ENTRY--CORPORATE NAME | |
| Corporate name or jurisdiction name as entry element | Parthasarathy, S. |
| 942 ## - ADDED ENTRY ELEMENTS (KOHA) | |
| Koha item type | Thesis |
| Source of classification or shelving scheme | Dewey Decimal Classification |
| Withdrawn status | Lost status | Damaged status | Not for loan | Home library | Current library | Date acquired | Full call number | Accession Number | Price effective from | Koha item type |
|---|---|---|---|---|---|---|---|---|---|---|
| NASSDOC Library | NASSDOC Library | 08/10/2004 | TR.0039 | 8864 | 18/04/2019 | Thesis |
